Normal view
MARC view
- BUYER'S GUIDE TO USED AIRPLANES
Entry Topical Term
001 - CONTROL NUMBER
- control field: 64859
003 - CONTROL NUMBER IDENTIFIER
- control field: NUST
005 - DATE AND TIME OF LATEST TRANSACTION
- control field: 20210628203337.0
008 - FIXED-LENGTH DATA ELEMENTS
- fixed length control field: 210628|| aca||aabn | a|a d
040 ## - CATALOGING SOURCE
- Original cataloging agency: NUST
- Transcribing agency: NUST
150 ## - HEADING--TOPICAL TERM
- Topical term or geographic name entry element: BUYER'S GUIDE TO USED AIRPLANES
670 ## - SOURCE DATA FOUND
- Source citation: Work cat.: (NUST): Clarke, Bill 64858, The illustrated buyer's guide to used airplanes, 2006
